LEADER 01092nam0-2200337---450- 001 990008171450403321 005 20050726160249.0 010 $a88-430-3082-5 035 $a000817145 035 $aFED01000817145 035 $a(Aleph)000817145FED01 035 $a000817145 100 $a20050726d2004----km-y0itay50------ba 101 0 $aita 102 $aIT 105 $ay-------001yy 200 1 $aDella giurisdittione e prerogative del Vicario di Roma$fopera del canonico Nicolò Antonio Cuggiò segretario del tribunale di sua eminenza$ga cura di Domenico Rocciolo 210 $aRoma$cCarocci$d2004 215 $a415 p.$d22 cm 225 1 $aStudi e ricerche$v10 610 0 $aTribunale del vicariato di Roma 676 $a262.136$v21$zita 700 1$aCuggiò,$bNicolò Antonio$0498297 702 1$aRocciolo,$bDomenico 801 0$aIT$bUNINA$c20050726$gRICA$2UNIMARC 901 $aBK 912 $a990008171450403321 952 $a262.136 CUG 1$bBibl. 50342$fFLFBC 959 $aFLFBC 996 $aDella giurisdittione e prerogative del Vicario di Roma$9735901 997 $aUNINA LEADER 00858nam0-22003131i-450- 001 990000502650403321 005 20071004123852.0 010 $a0-306-10923-9 035 $a000050265 035 $aFED01000050265 035 $a(Aleph)000050265FED01 035 $a000050265 100 $a20020821d1977----km-y0itay50------ba 101 1 $aeng$crus 105 $aa-------001yy 200 1 $aLaser-Induced discharge phenomena$fYu P. Raizer 210 $aNew York ; London$cConsultants Bureau$dc1977 215 $a366 p.$cill.$d23 cm 225 1 $aStudies in Soviet science 610 0 $aFasci laser 610 0 $aScariche attraverso i gas 676 $a535.58 700 1$aRaizer,$bYu P. 801 0$aIT$bUNINA$gRICA$2UNIMARC 901 $aBK 912 $a990000502650403321 952 $a10 B III 188$bL/212 CNR$fDINEL 959 $aDINEL 997 $aUNINA